Grey's anatomy - Statistics

General Stats
  • This quiz has been taken 698 times
  • The average score is 6 of 9
Answer Stats
Question Answer % Correct
what are the names of their children ellis, bailey, zola
97%
what is the gender of baileys child(ren) boy
96%
how many children does meredith have with derek 3
90%
who does meredith end up dating in season 15 andrew deluca
84%
who dies in season 8 lexie
82%
how many children does bailey have 1
66%
in season 7 where the shooting happened how many people got shot and only injured 3
41%
in season 7 there is a shooting, how many people died 11
30%
what doctor got shot in season 11 dr. shepherd
23%
No matching quizzes found
Score Distribution
Percent of People with Each Score
Percentile by Number Answered
Your Score History
You have not taken this quiz